| 000 | 01182nam a2200325 i 4500 | ||
|---|---|---|---|
| 001 | 13873 | ||
| 003 | KOSZ 005 | ||
| 005 | 20200825115358.0 | ||
| 008 | 070608s1971 pl a f 000 0 pol | ||
| 015 | _aPB 1971/2519 | ||
| 035 | _a(OCoLC)749809181 | ||
| 040 |
_aWA N _cWA N _dKOSZ 005/KK |
||
| 080 | _a620.1:621.039.8:539.16:614.8 | ||
| 100 | 1 |
_aZajdel, Janusz Andrzej _d(1938-1985). _eAutor. |
|
| 245 | 1 | 0 |
_aOchrona przed promieniowaniem jonizującym / _cJanusz A. Zajdel. |
| 260 |
_aWarszawa : _bWydawnictwo Związkowe CRZZ, _c1971. |
||
| 300 |
_a83, [1] strony : _bilustracje ; _c18 cm. |
||
| 336 |
_2rdacontent _aTekst _btxt |
||
| 337 |
_2rdamedia _aBez urządzenia pośredniczącego _bn |
||
| 338 |
_2rdacarrier _aWolumin _bnc |
||
| 380 | _aKsiążki. | ||
| 490 | 1 | _aFizjologia i Higiena Pracy. | |
| 504 | _aBibliografia na stronie 82. | ||
| 658 | _aFizyka i astronomia | ||
| 650 | 4 | _aPromieniowanie jonizujące | |
| 710 |
_aWydawnictwo Związkowe CRZZ _4pbl. |
||
| 830 | 0 | _aFizjologia i Higiena Pracy. | |
| 856 |
_uhttp://koha.tu.koszalin.pl/cgi-bin/koha/opac-detail.pl?biblionumber=13873 _yKatalog online BPK |
||
| 942 |
_2UKD _cKS |
||
| 999 |
_c13873 _d13873 |
||